000 00256pam a2200121 a 4500
020 _c
041 _aeng
100 _aArmstrong H.C.
245 _aGrey Wolf
_hTextual Documents
260 _aNew York
_bPenguin Books Ltd
300 _a288p.
930 _a15141
999 _c92041
_d92041